000 00645nam a22002417a 4500
003 UA-OsUOA
001 136517
007 ta
008 20190329b un ||||| |||| 00| 0 ukr d
100 _aПанасюк В. П.
090 _a821.161.2
_bП16
942 _cBK
040 _aUA-OsUOA
_bukr
_cUA-OsUOA
_dUA-OsUOA
245 _aОдиноке серце
_bпоезії
300 _a144 с.
955 _a3
041 _aukr
080 _a821.161.2
020 _a978-966-517-861-3
260 _aЛуцьк
_bНадстир'я
_c2017
650 7 _a82 Література. Літературознавство
_2UDC
999 _c409739
_d409739